STATISTICS FOR MANAGEMENT (Record no. 10811)
[ view plain ]
| 000 -LEADER | |
|---|---|
| fixed length control field | 00265nam a22001217a 4500 |
| 003 - CONTROL NUMBER IDENTIFIER | |
| control field | SGT |
| 082 ## - DEWEY DECIMAL CLASSIFICATION NUMBER | |
| Classification number | 658.4,KEL |
| 100 ## - MAIN ENTRY--PERSONAL NAME | |
| Personal name | KELLER,GERALD |
| 245 ## - TITLE STATEMENT | |
| Title | STATISTICS FOR MANAGEMENT |
| 250 ## - EDITION STATEMENT | |
| Edition statement | 1ST |
| 260 ## - PUBLICATION, DISTRIBUTION, ETC. (IMPRINT) | |
| Place of publication, distribution, etc | NEW DELHI |
| Name of publisher, distributor, etc | CENGAGE LEARNING |
| Year of Publication | 2009 |
| 942 ## - ADDED ENTRY ELEMENTS (KOHA) | |
| Source of classification or shelving scheme | Dewey Decimal Classification |
| Koha item type | CDs & DVDs |
| Withdrawn status | Lost status | Source of classification or shelving scheme | Damaged status | Not for loan | Collection code | Home library | Current library | Shelving location | Date acquired | Vendor Name | Cost, normal purchase price | SGTU | Total Checkouts | Full call number | Accession No. (Barcode) | Date last seen | Bill Date | Koha item type |
|---|---|---|---|---|---|---|---|---|---|---|---|---|---|---|---|---|---|---|
| Dewey Decimal Classification | COMMERCE MANAGEMENT | SGT Science & Social Sciences Library | SGT Science & Social Sciences Library | On Display | 08/02/2017 | GIFT | 725.00 | SGTU | 658.4,KEL | CMCD41 | 08/02/2017 | 08/02/2017 | CDs & DVDs |